000 00634 a2200193 4500
999 _c2410
_d2410
020 _a9780335213948
050 _aLB 1028 DUN 2010
100 _aDunne, Mairead
_eauthor
245 _aBecoming a researcher
_ba research companion for the social sciences/
_cMairead Dunne, John Pryor and Paul Yates
264 _aUnited Kingdom:
_bMcGraw Hill,
_c2010.
300 _avii, 194p.:
_bill.
440 _aConducting educational research
500 _aincludes references and index
650 _aEducation--Research
650 _asocial sciences research
700 _aJohn Pryor
700 _aPaul Yates
942 _2lcc
_cBK
_h1028
_iDUN
_kLB